2012 Formula One Winners - Statistics

General Stats
  • This quiz has been taken 64 times
  • The average score is 17 of 20
Answer Stats
Race Answer % Correct
Malaysian GP Fernando Alonso
96%
Australian GP Jenson Button
96%
Bahrain GP Sebastian Vettel
87%
Korean GP Sebastian Vettel
87%
Indian GP Sebastian Vettel
87%
German GP Fernando Alonso
83%
Monaco GP Mark Webber
83%
British GP Mark Webber
83%
Chinese GP Nico Rosberg
83%
Japanese GP Sebastian Vettel
83%
European GP Fernando Alonso
81%
Belgian GP Jenson Button
81%
Canadian GP Lewis Hamilton
81%
Hungarian GP Lewis Hamilton
81%
Italian GP Lewis Hamilton
81%
Singapore GP Sebastian Vettel
81%
United States GP Lewis Hamilton
79%
Spanish GP Pastor Maldonado
79%
Brazilian GP Jenson Button
77%
Abu Dhabi GP Kimi Raikkonen
68%
No matching quizzes found
Score Distribution
Percent of People with Each Score
Percentile by Number Answered
Your Score History
You have not taken this quiz